MARC details
| 000 -CABECERA |
| campo de control de longitud fija |
00937nam a2200253 u 4500 |
| 005 - FECHA Y HORA DE LA ÚLTIMA TRANSACCIÓN |
| campo de control |
20210223131049.0 |
| 008 - ELEMENTOS DE LONGITUD FIJA--INFORMACIÓN GENERAL |
| campo de control de longitud fija |
090804s2005 r 000 0 eng d |
| 020 ## - NÚMERO INTERNACIONAL NORMALIZADO PARA LIBROS |
| Número Internacional Estándar del Libro |
8446018195 (10 digitos) |
| 020 ## - NÚMERO INTERNACIONAL NORMALIZADO PARA LIBROS |
| Número Internacional Estándar del Libro |
9788446018193 (13 digitos) |
| 035 ## - NÚMERO DE CONTROL DEL SISTEMA |
| Número de control de sistema |
UPN01000171716 |
| 049 ## - COLECCIÓN |
| Colección |
I |
| 050 #4 - SIGNATURA TOPOGRÁFICA DE LA BIBLIOTECA DEL CONGRESO |
| Número de clasificación |
PZ78 |
| Número de documento/Ítem |
V5.33 |
| 100 1# - ASIENTO PRINCIPAL--NOMBRE PERSONAL |
| Nombre de persona |
Vivet-Rémy, Anne-Catherine |
| 245 10 - MENCIÓN DE TÍTULO |
| Título |
De Apolo a Zeus : |
| Resto del título |
la venganza de los dioses / |
| Mención de responsabilidad, etc. |
Anne-Catherine Vivet-Rémy ; il. Pascale Desmazières ; tr. Josefina Careaga. |
| 260 ## - PUBLICACIÓN, DISTRIBUCIÓN, ETC. |
| Lugar de publicación, distribución, etc. |
Madrid : |
| Nombre del editor, distribuidor, etc. |
Akal, |
| Fecha de publicación, distribución, etc. |
2005. |
| 300 ## - DESCRIPCIÓN FÍSICA |
| Extensión |
128 p. : |
| Otras características físicas |
il. |
| 440 #0 - MENCIÓN DE SERIE/ASIENTO SECUNDARIO--TÍTULO |
| Título |
Para descubrir a los clásicos ; |
| Designación de volumen o secuencia |
14 |
| 500 ## - NOTA GENERAL |
| Nota general |
"Una lectura con juegos para descubrir a los clásicos" |
| 534 ## - NOTA SOBRE LA VERSIÓN ORIGINAL |
| Frase introductoria |
Titulo original: |
| Mención de título del original |
D'Apollon a Zeus la vengeance des dieux |
| 650 #4 - ASIENTO SECUNDARIO DE MATERIA - TERMINO TEMATICO |
| Término de materia o nombre geográfico como elemento de entrada |
LIBROS Y LECTURA PARA LA JUVENTUD |
| 9 (RLIN) |
10549 |
| 650 #4 - ASIENTO SECUNDARIO DE MATERIA - TERMINO TEMATICO |
| Término de materia o nombre geográfico como elemento de entrada |
MITOLOGIA GRIEGA - |
| Subdivisión de forma |
LITERATURA JUVENIL |
| 9 (RLIN) |
11917 |
| 650 #4 - ASIENTO SECUNDARIO DE MATERIA - TERMINO TEMATICO |
| Término de materia o nombre geográfico como elemento de entrada |
MITOLOGIA ROMANA |
| 9 (RLIN) |
14403 |
| 905 ## - TIPO DE MATERIAL |
| Tipo de material |
Infantil |